000 00577nam a22002297a 4500
003 UA-OsUOA
001 38514
007 ta
008 20071222b un ||||| |||| 00| 0 ukr d
100 _aЛук'яненко Л.
090 _a94(477).124
_bЛ84
942 _cBK
040 _aUA-OsUOA
_bukr
_cUA-OsUOA
_dUA-OsUOA
245 _aНюнберг-2
300 _a108 с.
955 _a1
041 _aukr
080 _a94(477).124
260 _aКиїв
_bНОРА-ПРІНТ
_c2001
650 7 _a9 Географія. Біографії. Історія
_2UDC
999 _c437027
_d437027